000 01002nam a22002057a 4500
999 _c59212
_d59212
003 Ge_BSU
005 20221214134702.0
008 221214s1983ge xxu||||| |||| 00| 0 geo d
041 _ageo
080 _a821.133.1.09 ვ-16
100 _aვალერი, პოლ, ავტ.
_916404
245 _aრჩეული პროზა /
_cპოლ ვალერი ; ინასიტყვ. ავტ.: ა. მორუა ; ფრანგ. თარგმნა ბ. ბრეგვაძემ.
250 _a1-ლი გამოც.
264 _aთბილისი :
_b ნაკადული,
_c1983.
300 _a393 გვ. ;
_b 22 სმ.
653 _aფრანგული ლიტერატურის ისტორია და კრიტიკა.
700 _aმორუა, ა
_eწინასიტყვაობის ავტორი
_916405
700 _aბრეგვაძე, ბ
_eმთარგმნელი
_915988
942 _2udc
_cBK